000 01251nam a22003134u 4500
001 197843
003 SpMaBN
005 20251022063027.0
008 250925s2024 sp a |||||| 001 |bspa|
017 _aM 18736-2025
_bOficina Depósito Legal Madrid
020 _a978-84-09-76283-5
040 _aES-MaACL
_bspa
_cES-MaACL
_dspa
080 _a78 Alonso, Odón
100 1 _9238008
_aPérez Ruano, Fernando
_eaut
245 1 3 _aEl maestro Odón Alonso y la orquesta nacional de España :
_bhistoria y análisis de una dilatada y exitosa relación profesional /
_cFernando Pérez Ruano
264 _a[Madrid] :
_bFerPer-International,
_c[2025]
300 _a192 páginas :
_bilustraciones ;
_c24cm
336 _atexto
_2rdacontent
337 _asin mediación
_2rdamedia
338 _avolumen
_2rdacarrier
500 _aEn portada: En conmemoración del centenario del nacimiento del maestro Odón Alonso
500 _aEdición no venal de 200 ejemplares
600 0 _9238006
_aAlonso, Odón,
_d1925-2011
852 _aES-MaACL
_cDEPO1
_jA-15775
_xEncuadernación cartoné
_9206833
942 _cMONOGRAFIA
_n0
999 _c197843
_d197843